000
00234nam a2200121Ia 4500
100
_a
#N/A
942
_c
BK
245
_a
Oracle for professionals - The X TEAM
260
_b
#N/A
082
_b
21547
546
_a
ENGLISH
999
_c
31965
_d
31965